| 000 -LEADER |
| fixed length control field |
00625nam a22001577a 4500 |
| 008 - FIXED-LENGTH DATA ELEMENTS--GENERAL INFORMATION |
| fixed length control field |
230228b ||||| |||| 00| 0 eng d |
| 100 ## - MAIN ENTRY--PERSONAL NAME |
| Personal name |
Diwekar, Rujuta |
| 245 ## - TITLE STATEMENT |
| Title |
Millets in diet: The right approach |
| 260 ## - PUBLICATION, DISTRIBUTION, ETC. (IMPRINT) |
| Place of publication, distribution, etc |
Yojana |
| 300 ## - PHYSICAL DESCRIPTION |
| Extent |
Jan, 2023: p.17-18 |
| 520 ## - SUMMARY, ETC. |
| Summary, etc |
Millets are back in focus and rightly so. For centuries, they have been cultivated across India and have been on integral part of our food system and festivals. Saints have used millets as metaphors to spread their social message. – Reproduced |
| 650 ## - SUBJECT ADDED ENTRY--TOPICAL TERM |
| Topical term or geographic name as entry element |
Millets, Diet |
| 9 (RLIN) |
37752 |
| 773 ## - HOST ITEM ENTRY |
| Edition |
Yojana |
| 906 ## - LOCAL DATA ELEMENT F, LDF (RLIN) |
| Subject DIP |
FOOD |
| 942 ## - ADDED ENTRY ELEMENTS (KOHA) |
| Item type |
Articles |